000
00311nam a2200121Ia 4500
008
220204s9999 xx 000 0 und d
082
_a
02:003.62
_b
POL
100
_a
Haskell, Peter C
245
0
_a
Sign systems for libraries
260
_a
New York
_b
R R Bowker
_c
1979
700
_a
Pollete, Dorothy
942
_c
BK
999
_c
35476
_d
35476